000 00398nam a22001697a 4500
003 macl
005 20160203121135.0
008 160203b xxu||||| |||| 00| 0 eng d
040 _cmacl
041 _aEnglish
082 _a821/WIJ
100 _aWijesinha Rajiva
_936505
245 _aMirrorde Iamges
260 _aNew Delhi
_bNational Trust
_c2013
650 _aPoetry
_936506
942 _2ddc
_cBK
999 _c52999
_d52999